000 00500nam a2200205Ia 4500
003 OSt
005 20220918174222.0
006 a|||||r|||| 00| 0
007 ta
008 220917b |||||||| |||| 00| 0 eng d
024 _a11,179
037 _cTextual
040 _aARTS
_cARTS
_beng
041 _2eng
_aeng
100 _aJacobs Donald H
_949580
245 0 _aFundamentals of optical engineering
260 _c1942
650 _aINDUSTRIAL ARTS
999 _c152294
_d152294